Words: John Cage en conversación con Joan Retallack
Wedi'i Gadw mewn:
| Prif Awdur: | |
|---|---|
| Fformat: | Llyfr |
| Iaith: | Sbaeneg |
| Cyhoeddwyd: |
Santiago
Metales Pesados
2013
|
| Pynciau: | |
| Tagiau: |
Ychwanegu Tag
Dim Tagiau, Byddwch y cyntaf i dagio'r cofnod hwn!
|
MARC
| LEADER | 00000cam a2200000 a 4500 | ||
|---|---|---|---|
| 001 | UCF9577 | ||
| 003 | CL-VaPUC | ||
| 008 | 131129e20130900cl |||||||||||||||||spa|d | ||
| 020 | |a 9789568415624 | ||
| 082 | 0 | 4 | |a 818 |b CAG |2 21 |
| 100 | |a Cage, John |e author |9 457429 | ||
| 245 | 1 | 0 | |a Words: John Cage en conversación con Joan Retallack |
| 300 | |a 151 p | ||
| 942 | |c BK | ||
| 945 | |d 20131129 12:34:00 |a dcastane | ||
| 260 | |a Santiago |b Metales Pesados |c 2013 | ||
| 650 | 7 | |a POESIAS ESTADOUNIDENSES |2 CL-VaPUC |9 571950 | |
| 650 | 0 | |a Literatura estadounidense |9 317168 | |
| 650 | 0 | |a Diarios |9 420844 | |
| 650 | 0 | |a Literatura Vanguardista |9 341292 | |
| 583 | |a last modification |c 20131129 12:34:00 |k Rodrigo Vera | ||
| 999 | |c 354020 |d 354018 | ||
| 952 | |0 0 |1 0 |3 erb |4 0 |6 818_000000000000000_CAG_2013 |7 0 |8 R |9 459649 |a BIBART |b BIBART |i 5029236 |o 818 CAG 2013 |p 5029236 |r 2025-03-13 |w 2019-11-23 |y BK_R |z Catalogado en:20131129 |k ART | ||
| 952 | |0 0 |1 0 |3 erb |4 0 |6 818_000000000000000_CAG_2013 |7 0 |8 R |9 459650 |a BIBART |b BIBART |i 5049881 |o 818 CAG 2013 |p 5049881 |r 2025-03-13 |w 2019-11-23 |y BK_R |z Catalogado en:20140116 |k ART | ||